Bürgermeister der 20 größten Städte Österreichs - Statistiken

Allgemein
  • Dieses Quiz wurde 13 mal gespielt
    10 seit der letzten Aktualisierung
  • Das Durchschnittsergebnis liegt bei 4 aus 20
Antwortstatistiken
Stadt Bürgermeistr/in % Korrekt
Wien SPÖ Michael Ludwig
89%
Graz KPÖ Elke Kahr
67%
Innsbruck GRÜNE Georg Willi
44%
Feldkirch ÖVP Wolfgang Matt
33%
Dornbirn ÖVP Andrea Kaufmann
22%
Linz SPÖ Klaus Luger
22%
Wiener Neustadt ÖVP Klaus Schneeberger
22%
St. Pölten SPÖ Matthias Stadler
22%
Bregenz SPÖ Michael Ritsch
22%
Wels FPÖ Andreas Rabl
11%
Klagenfurt Team Kärnten Christian Scheider
11%
Steyr SPÖ Gerald Hackl
11%
Wolfsberg SPÖ Hannes Primus
11%
Traun ÖVP Karl-Heinz Koll
11%
Krems an der Donau SPÖ Reinhard Resch
11%
Villach SPÖ Günther Albel
0%
Salzburg ÖVP Harald Preuner
0%
Leonding SPÖ Sabine Naderer-Jelinek
0%
Klosterneuburg ÖVP Stefan Schmuckenschlager
0%
Baden ÖVP Stefan Szirusek
0%
Keine übereinstimmenden Quizze gefunden
Verteilung der Resultate
Anzahl Personen mit jedem Resultat
Perzentil nach korrekt beantworteten Fragen
Ihre Resultats-Entwicklung
Sie haben dieses Quiz seit der letzten Aktualisierung nicht gespielt